UBT Library

English composition / (Record no. 45197)

000 -LEADER
fixed length control field 00665cam a22002417i 4500
001 - CONTROL NUMBER
control field 17839121
005 - DATE AND TIME OF LATEST TRANSACTION
control field 20180316043223.0
008 - FIXED-LENGTH DATA ELEMENTS--GENERAL INFORMATION
fixed length control field 130803t20112011xx a b 001 0 eng
010 ## - LIBRARY OF CONGRESS CONTROL NUMBER
LC control number 2013431414
020 ## - INTERNATIONAL STANDARD BOOK NUMBER
International Standard Book Number 9781934920510 (pbk.)
040 ## - CATALOGING SOURCE
Original cataloging agency DLC
Language of cataloging eng
Transcribing agency DLC
Description conventions rda
041 ## - LANGUAGE CODE
Language code of text/sound track or separate title eng
042 ## - AUTHENTICATION CODE
Authentication code pcc
080 ## - UNIVERSAL DECIMAL CLASSIFICATION NUMBER
Universal Decimal Classification number 37 hic
082 ## - DEWEY DECIMAL CLASSIFICATION NUMBER
Edition number 37 hic
100 ## - Rafti
Rafti 25
101 ## - Shkurtesa
Shkurtesa edu
245 00 - TITLE STATEMENT
Title English composition /
Statement of responsibility, etc [Editorial Board].
504 ## - BIBLIOGRAPHY, ETC. NOTE
Bibliography, etc Includes bibliographical references (page R-3) and index.
906 ## - LOCAL DATA ELEMENT F, LDF (RLIN)
a 7
b cbc
c orignew
d 4
e ncip
f 20
g y-gencatlg
942 ## - ADDED ENTRY ELEMENTS (KOHA)
Source of classification or shelving scheme
Item type Books
Holdings
Withdrawn status Lost status Source of classification or shelving scheme Damaged status Not for loan Collection code Permanent location Current location Shelving location Date acquired Total Checkouts Full call number Barcode Date last seen Price effective from Koha item type
          Koleksioni i përgjithshem UBT - Lipjan UBT - Lipjan Koleksioni i përgjithshem 03/16/2018   37 hic 002-3002234 03/16/2018 03/16/2018 Books
          Koleksioni i përgjithshem UBT - Lipjan UBT - Lipjan Koleksioni i përgjithshem 03/16/2018   37 hic 002-3002229 03/16/2018 03/16/2018 Books
UBT Library © 2015-2024. All rights reserved University Education for Business and Technology